|
|
|
|
| LEADER |
00000naa a2200000 i 4500 |
| 001 |
publ59 |
| 005 |
20150204095341.0 |
| 008 |
150204s2010 hu o 000 zxx d |
| 040 |
|
|
|a BGE Publikációtár Repozitórium
|b hun
|
| 100 |
1 |
|
|a Bártfai Endre
|
| 245 |
1 |
0 |
|a Szállodák nem csak látóknak
|c Bártfai Endre
|h [elektronikus dokumentum]
|
| 260 |
|
|
|a Budapesti Gazdasági Főiskola
|c 2010
|
| 300 |
|
|
|a 109-121
|
| 490 |
0 |
|
|a Tudományos Évkönyv 2009 : Válság és megújulás
|
| 650 |
|
4 |
|a társadalomtudományok
|
| 695 |
|
|
|a Akadálymentesítés
|
| 695 |
|
|
|a Fogyatékosság
|
| 856 |
4 |
0 |
|u https://publikaciotar.uni-bge.hu/id/eprint/59/1/Bartfaibgf2009.pdf
|z Dokumentum-elérés
|